Organelles of a Cell - Statistics

General Stats
  • This quiz has been taken 219 times
  • The average score is 8 of 13
Answer Stats
Number Organelle % Correct
2 Nucleus
96%
3 Ribosome
84%
6 Golgi apparatus
75%
1 Nucleolus
68%
5 Rough endoplasmic reticulum
68%
8 Smooth endoplasmic reticulum
66%
12 Lysosome
58%
9 Mitochondrion
52%
10 Vacuole
51%
4 Vesicle
40%
13 Centriole
38%
7 Cytoskeleton
28%
11 Cytosol
27%
No matching quizzes found
Score Distribution
Percent of People with Each Score
Percentile by Number Answered
Your Score History
You have not taken this quiz